000 00457nam a2200169 4500
003 SEACOMMC
005 20250430124458.0
008 250111b |||||||| |||| 00| 0 eng d
020 _a 978-81-8318-518-9
_cRs.150.00
040 _aSEACOMMC
082 _a 368.32
_bG 977
100 _aGupta, P. K.
245 1 _aLegal Aspects of Insurance
_c P. K. Gupta
260 _a Mumbai
_b Himalaya Publishing House
_c 2006
650 _aHealth Insurance
942 _cBOOK
999 _c989
_d989